| 000 | 00407nam a22001457a 4500 | ||
|---|---|---|---|
| 005 | 20260203091839.0 | ||
| 008 | 260203b |||||||| |||| 00| 0 eng d | ||
| 020 | _a978-0-09947-827-0 | ||
| 100 | _aWOOLF, VIRGINIA | ||
| 245 | _aTHE WAVES | ||
| 260 |
_aLONDON _bVINTAGE BOOKS _c2004 |
||
| 300 | _aXVII, 198P. | ||
| 650 | _a1. EXPERIMENTAL FICTION , ENGLISH 2 INTERIOR MONLOGUE - FICTION | ||
| 942 |
_2lcc _cBK |
||
| 999 |
_c216510 _d216510 |
||